English Idioms / (Record no. 3211)
[ view plain ]
| 000 -LEADER | |
|---|---|
| fixed length control field | 00271cam a2200121ua 4500 |
| 082 ## - DEWEY DECIMAL CLASSIFICATION NUMBER | |
| Classification number | 428 |
| Item number | MCM/EN |
| 100 ## - MAIN ENTRY--AUTHOR NAME | |
| Personal name | Mcmordie, W . |
| 245 ## - TITLE STATEMENT | |
| Title | English Idioms / |
| 250 ## - EDITION STATEMENT | |
| Edition statement | 3 / |
| 260 ## - PUBLICATION, DISTRIBUTION, ETC. (IMPRINT) | |
| Place of publication | : |
| Name of publisher | Oxford University Press , |
| Year of publication | 1961. |
| 300 ## - PHYSICAL DESCRIPTION | |
| Number of Pages | 349 ; . |
| 942 ## - ADDED ENTRY ELEMENTS (KOHA) | |
| Koha item type | Books |
| Withdrawn status | Lost status | Damaged status | Home library | Current library | Date acquired | Full call number | Accession Number | Koha item type |
|---|---|---|---|---|---|---|---|---|
| Withdrawn | KAUAET | Sanskrit University | 07/04/2012 | 428 MCM/EN | 526 | Books | ||
| Withdrawn | KAUAET | Sanskrit University | 07/04/2012 | 428 MCM/EN | 5015 | Books |
